| 000 | 00769nam a2200253 i 4500 | ||
|---|---|---|---|
| 001 | bg | ||
| 003 | BPK | ||
| 005 | 20191024144424.0 | ||
| 008 | s1982 pl f |000 0 pol | ||
| 040 | _cBPK | ||
| 041 | _apol | ||
| 080 | _a69.057 | ||
| 080 | _a531.7 | ||
| 080 | _a514 | ||
| 080 | _a(075.8) | ||
| 100 | 1 |
_aPrzewłocki, Stefan _d(1933- ) _eAutor |
|
| 245 | 0 |
_aMetrologia cech geometrycznych budowli / _cS. Przewłocki. |
|
| 260 |
_aŁódź : _bPŁ, _c1982. |
||
| 650 | 4 |
_aBudownictwo _xpomiary. |
|
| 650 | 4 |
_aGeometria wykreślna _xstosowanie _xbudownictwo. |
|
| 655 | 4 | _aPodręczniki akademickie | |
| 856 |
_uhttp://koha.tu.koszalin.pl/cgi-bin/koha/opac-detail.pl?biblionumber=21221 _yKatalog online BPK |
||
| 942 |
_cKS _2UKD |
||
| 999 |
_c21221 _d21221 |
||